000 00601nam a2200217Ia 4500
005 20241129115613.0
008 241129s9999||||xx |||||||||||||| ||und||
020 _a9789383447978
037 _aTB
040 _aSDCL
_beng
_cSDCL
041 _ahin
_2hin
084 _aO15,1:g Q6
_qSDCL
100 _aBhalani J.D
_9429262
245 0 _aKiratarjuniyam shishupalam evam Naishadhiya charitam : Ek tulnatmak adhyaan
260 _aDelhi
_bRawat Prakashan
_c2016
300 _a1-166p
365 _aINR
_b800
650 _aSanskrit
942 _cTB
_hO15,1:g Q6
999 _c1231176
_d1231176